000 00857nam a2200265Ia 4500
003 GCL
005 20240530102255.0
008 140319s9999 xx 000 0 ara d
020 _a977090228
040 _aGCL /
_cGCL
082 0 4 _a953.08
_bق/ق ع
100 1 _aقاسم عبده قاسم
245 1 0 _aعصر سلاطين المماليك /
_cقاسم عبده قاسم
250 _aط1
260 _aالقاهرة :
_bدار الشروق ،
_c1994
300 _a199 ص؛
_c24 سم
650 0 4 _aمصر
_xتاريخ
650 0 4 _aمصر
_xالاحوال الاجتماعية
_yعصر المماليك
650 0 4 _aدولة المماليك
650 0 4 _aالاقليات
650 0 4 _aالاحتفالات العامة
650 0 4 _aالصناعات اليدوية
650 0 4 _aالاعياد الدينية
_xمصر
942 _2ddc
_cBK
999 _c31071
_d31071